| 000 | 00519nam a2200157 i 4500 | ||
|---|---|---|---|
| 001 | 146546 | ||
| 003 | ES-MaACL | ||
| 005 | 20230906201556.0 | ||
| 007 | t| | ||
| 008 | 070912s1919 ag |||| | spa d | ||
| 100 | 1 |
_aTotila. _9111111 |
|
| 245 | 1 | 3 |
_aLa farsa de las soberanias nacionales _b: el anexionismo de la entente a la luz de las cláusulas territoriales del pacto de Versalles / _cTotila. |
| 260 |
_aBuenos Aires : _bGermania, _c1919. |
||
| 300 |
_a2 v. (fasc.) ; _c20 cm. |
||
| 852 |
_aES-MaACL _j1604-F-13-14 |
||
| 999 |
_c146546 _d146546 |
||